[Event "SLO-chT 20th"]
[Site "Gostovanja"]
[Date "2010.11.07"]
[Round "9"]
[White "Podkriznik, Gregor"]
[Black "Rozman, Mitja"]
[Result "1-0"]
[WhiteElo "2357"]
[BlackElo "1927"]
[PlyCount "87"]
[EventDate "2010.05.15"]
[EventType "team-tourn"]
[EventRounds "9"]
[EventCountry "SLO"]
[SourceTitle "EXT 2020"]
[Source "ChessBase"]
[SourceDate "2019.10.17"]
[SourceVersion "1"]
[SourceVersionDate "2019.10.17"]
[SourceQuality "1"]
[WhiteTeam "Ptuj Tehcenter"]
[BlackTeam "Kranj Tomo Zupan"]
[WhiteTeamCountry "SLO"]
[BlackTeamCountry "SLO"]

1. c4 Nf6 2. Nf3 g6 3. Nc3 Bg7 4. e4 d6 5. d4 0-0 6. Be2 Nbd7 7. 0-0 e5 8. Be3 c6 9. d5 c5 10. Ne1 Ne8 11. Nd3 a6 12. Qd2 Rb8 13. a4 Nb6 14. b3 Nd7 15. a5 f5 16. f3 f4 17. Bf2 Rf7 18. b4 cxb4 19. Na4 g5 20. Rfd1 Bf8 21. Qxb4 Rg7 22. c5 g4 23. fxg4 h5 24. h3 hxg4 25. Bxg4 Qg5 26. Ne1 Nxc5 27. Nxc5 Bxg4 28. Ne6 Bxe6 29. dxe6 Qh6 30. Qb3 Kh8 31. Nc2 Nc7 32. Nd4 exd4 33. Bxd4 Qxe6 34. Qf3 Nb5 35. Bxg7+ Bxg7 36. Rac1 Be5 37. Rd5 Rg8 38. Qh5+ Kg7 39. Rxb5 axb5 40. Rc7+ Kf8 41. Rxb7 Qc4 42. Qf5+ Ke8 43. Qd7+ Kf8 44. Qe7# 1-0

[Event "Ljubljana Autumn op"]
[Site "Ljubljana"]
[Date "2010.10.27"]
[Round "9"]
[White "Drnovsek, Gal"]
[Black "Rozman, Mitja"]
[Result "1-0"]
[WhiteElo "1829"]
[BlackElo "1945"]
[PlyCount "103"]
[EventDate "2010.09.01"]
[EventType "swiss"]
[EventRounds "9"]
[EventCountry "SLO"]
[SourceTitle "EXT 2023"]
[Source "ChessBase"]
[SourceDate "2022.10.05"]
[SourceVersion "1"]
[SourceVersionDate "2022.10.05"]
[SourceQuality "1"]

1. d4 Nf6 2. c4 g6 3. Nc3 Bg7 4. e4 d6 5. f3 0-0 6. Be3 Nbd7 7. Qd2 c5 8. Nge2 Rb8 9. Rd1 Qa5 10. Nc1 a6 11. Nb3 Qc7 12. Be2 b5 13. dxc5 dxc5 14. cxb5 c4 15. Nd4 Ne5 16. Bf4 Rd8 17. Qe3 axb5 18. Bxe5 Qxe5 19. Nc6 Rxd1+ 20. Bxd1 Qd6 21. Nxb8 b4 22. e5 Qxb8 23. exf6 bxc3 24. fxe7 Be6 25. bxc3 Qe8 26. a4 Qxe7 27. 0-0 Qa3 28. h4 Bxc3 29. h5 Qb2 30. Kh1 Bd2 31. Qc5 Qf6 32. g3 Qc3 33. a5 Bh3 34. Rg1 Be3 35. Qc6 Bxg1 36. h6 Qb4 37. Qe8+ Qf8 38. Qxf8+ Kxf8 39. Kxg1 Bc8 40. Kf2 f5 41. Ke3 g5 42. Bc2 Kf7 43. Kd4 Kg6 44. g4 Kxh6 45. Bxf5 Ba6 46. Be6 c3 47. Kxc3 Be2 48. Bd5 Kg6 49. Bb7 h5 50. a6 Bxa6 51. Bxa6 h4 52. Bf1 1-0